[Event "Hoogeveen Open"]
[Site "Hoogeveen, Netherlands"]
[Date "2018.10.21"]
[Round "2.15"]
[White "Konings, Frans"]
[Black "Zwirs, Nico"]
[Result "1/2-1/2"]
[WhiteElo "2195"]
[BlackElo "2410"]

1. d4 {[%clk 01:30:56]} {[%emt 00:00:02]} d5 {[%clk 01:30:55]} {[%emt
00:00:05]} 2. c4 {[%clk 01:31:09]} {[%emt 00:00:17]} dxc4 {[%clk 01:31:15]}
{[%emt 00:00:11]} 3. Nf3 {[%clk 01:30:57]} {[%emt 00:00:41]} Nf6 {[%clk
01:31:41]} {[%emt 00:00:06]} 4. e3 {[%clk 01:31:21]} {[%emt 00:00:05]} e6
{[%clk 01:32:04]} {[%emt 00:00:06]} 5. Bxc4 {[%clk 01:31:46]} {[%emt 00:00:06]}
a6 {[%clk 01:32:28]} {[%emt 00:00:06]} 6. Bb3 {[%clk 01:30:48]} {[%emt
00:01:27]} c5 {[%clk 01:32:07]} {[%emt 00:00:51]} 7. O-O {[%clk 01:30:59]}
{[%emt 00:00:19]} Nc6 {[%clk 01:32:16]} {[%emt 00:00:21]} 8. Nc3 {[%clk
01:29:39]} {[%emt 00:01:49]} cxd4 {[%clk 01:30:55]} {[%emt 00:01:52]} 9. exd4
{[%clk 01:29:56]} {[%emt 00:00:13]} Be7 {[%clk 01:30:32]} {[%emt 00:00:52]} 10.
Bg5 {[%clk 01:23:45]} {[%emt 00:06:41]} O-O {[%clk 01:30:53]} {[%emt 00:00:10]}
11. Qd2 {[%clk 01:23:12]} {[%emt 00:01:03]} h6 {[%clk 01:21:42]} {[%emt
00:09:39]} 12. Bxf6 {[%clk 01:14:36]} {[%emt 00:09:07]} Bxf6 {[%clk 01:22:01]}
{[%emt 00:00:12]} 13. Rfd1 {[%clk 01:15:01]} {[%emt 00:00:05]} Na5 {[%clk
01:13:25]} {[%emt 00:09:06]} 14. Bc2 {[%clk 01:13:53]} {[%emt 00:01:38]} b5
{[%clk 01:12:34]} {[%emt 00:01:21]} 15. Ne4 {[%clk 00:58:52]} {[%emt 00:15:31]}
Nc4 {[%clk 01:10:11]} {[%emt 00:02:52]} 16. Qf4 {[%clk 00:56:17]} {[%emt
00:03:04]} Bb7 {[%clk 01:06:19]} {[%emt 00:04:23]} 17. Ne5 {[%clk 00:52:03]}
{[%emt 00:04:43]} Nxb2 {[%clk 00:43:52]} {[%emt 00:22:57]} 18. Rdb1 {[%clk
00:46:05]} {[%emt 00:06:29]} Bxe5 {[%clk 00:43:01]} {[%emt 00:01:21]} 19. dxe5
{[%clk 00:44:59]} {[%emt 00:01:37]} Nd3 {[%clk 00:35:43]} {[%emt 00:07:48]} 20.
Bxd3 {[%clk 00:28:58]} {[%emt 00:16:31]} Qxd3 {[%clk 00:34:44]} {[%emt
00:01:28]} 21. Nd6 {[%clk 00:22:48]} {[%emt 00:06:42]} Bd5 {[%clk 00:34:51]}
{[%emt 00:00:21]} 22. Rd1 {[%clk 00:22:20]} {[%emt 00:00:58]} Qg6 {[%clk
00:35:08]} {[%emt 00:00:13]} 23. Rxd5 {[%clk 00:18:30]} {[%emt 00:04:21]} exd5
{[%clk 00:33:18]} {[%emt 00:02:20]} 24. Re1 {[%clk 00:17:15]} {[%emt 00:00:57]}
Rad8 {[%clk 00:29:20]} {[%emt 00:05:15]} 25. h4 {[%clk 00:10:31]} {[%emt
00:07:15]} Rxd6 {[%clk 00:15:04]} {[%emt 00:14:47]} 26. exd6 {[%clk 00:10:55]}
{[%emt 00:00:05]} Rd8 {[%clk 00:15:28]} {[%emt 00:00:05]} 27. h5 {[%clk
00:06:19]} {[%emt 00:05:07]} Qf6 {[%clk 00:13:51]} {[%emt 00:02:06]} 28. Qb4
{[%clk 00:06:13]} {[%emt 00:00:37]} Rxd6 {[%clk 00:12:08]} {[%emt 00:02:13]} 29.
Re8+ {[%clk 00:05:52]} {[%emt 00:00:51]} Kh7 {[%clk 00:12:37]} 30. Qb1+ {[%clk
00:02:12]} {[%emt 00:04:10]} g6 {[%clk 00:13:06]} 31. Ra8 {[%clk 00:02:24]}
{[%emt 00:00:18]} Kg7 {[%clk 00:11:45]} {[%emt 00:01:50]} 32. hxg6 {[%clk
00:02:38]} {[%emt 00:00:17]} Qxg6 {[%clk 00:12:10]} {[%emt 00:00:06]} 33. Qe1
{[%clk 00:02:45]} {[%emt 00:00:22]} Qe6 {[%clk 00:08:07]} {[%emt 00:04:33]} 34.
Qc3+ {[%clk 00:02:48]} {[%emt 00:00:27]} d4 {[%clk 00:08:36]} {[%emt 00:00:02]}
35. Qg3+ {[%clk 00:03:12]} {[%emt 00:00:06]} Kf6 {[%clk 00:03:06]} {[%emt
00:05:59]} 36. Rg8 {[%clk 00:03:00]} {[%emt 00:00:43]} Qe1+ {[%clk 00:03:05]}
{[%emt 00:00:31]} 37. Kh2 {[%clk 00:03:24]} {[%emt 00:00:06]} Qe5 {[%clk
00:03:30]} {[%emt 00:00:03]} 38. f4 {[%clk 00:03:48]} {[%emt 00:00:08]} Qh5+
{[%clk 00:03:54]} {[%emt 00:00:05]} 39. Kg1 {[%clk 00:04:12]} {[%emt 00:00:07]}
Qd1+ {[%clk 00:03:06]} {[%emt 00:01:18]} 40. Kh2 {[%clk 00:03:58]} {[%emt
00:00:44]} Qh5+ {[%clk 00:03:07]} {[%emt 00:00:28]} 41. Kg1 {[%clk 00:04:25]}
{[%emt 00:00:04]} d3 {[%clk 00:08:39]} {[%emt 00:24:58]} 42. Qg7+ {[%clk
00:33:09]} {[%emt 00:01:46]} Ke6 {[%clk 00:08:30]} {[%emt 00:00:36]} 43. Re8+
{[%clk 00:27:00]} {[%emt 00:06:42]} Kd7 {[%clk 00:08:57]} {[%emt 00:00:04]} 44.
Qf8 {[%clk 00:27:08]} {[%emt 00:00:21]} Qc5+ {[%clk 00:01:37]} {[%emt
00:07:51]} 45. Kh2 {[%clk 00:27:09]} {[%emt 00:00:29]} Qh5+ {[%clk 00:01:46]}
{[%emt 00:00:21]} 46. Kg1 {[%clk 00:27:35]} {[%emt 00:00:05]} Qc5+ {[%clk
00:01:58]} {[%emt 00:00:18]} 47. Kh2 {[%clk 00:28:00]} {[%emt 00:00:04]} Qh5+
{[%clk 00:01:54]} {[%emt 00:00:03]} 1/2-1/2

[Event "Hoogeveen Open"]
[Site "Hoogeveen, Netherlands"]
[Date "2018.10.21"]
[Round "2.16"]
[White "Van Delft, Merijn"]
[Black "Winkels, Marcel"]
[Result "1-0"]
[WhiteElo "2381"]
[BlackElo "1935"]

1. e4 {[%clk 01:30:55]} {[%emt 00:00:03]} c5 {[%clk 01:30:55]} {[%emt
00:00:06]} 2. Nf3 {[%clk 01:31:21]} {[%emt 00:00:04]} d6 {[%clk 01:31:12]}
{[%emt 00:00:15]} 3. d4 {[%clk 01:31:39]} {[%emt 00:00:12]} cxd4 {[%clk
01:31:35]} {[%emt 00:00:07]} 4. Nxd4 {[%clk 01:32:03]} {[%emt 00:00:05]} Nf6
{[%clk 01:31:58]} {[%emt 00:00:07]} 5. Nc3 {[%clk 01:32:26]} {[%emt 00:00:05]}
a6 {[%clk 01:32:16]} {[%emt 00:00:15]} 6. h3 {[%clk 01:32:44]} {[%emt
00:00:11]} e5 {[%clk 01:32:32]} {[%emt 00:00:14]} 7. Nde2 {[%clk 01:32:48]}
{[%emt 00:00:25]} h5 {[%clk 01:32:39]} {[%emt 00:00:23]} 8. Bg5 {[%clk
01:32:51]} {[%emt 00:00:26]} Be6 {[%clk 01:32:31]} {[%emt 00:00:40]} 9. Bxf6
{[%clk 01:32:37]} {[%emt 00:00:44]} Qxf6 {[%clk 01:32:51]} {[%emt 00:00:10]} 10.
Nd5 {[%clk 01:32:56]} {[%emt 00:00:10]} Qd8 {[%clk 01:32:53]} {[%emt 00:00:30]}
11. Qd3 {[%clk 01:33:06]} {[%emt 00:00:19]} Nd7 {[%clk 01:29:45]} {[%emt
00:03:39]} 12. O-O-O {[%clk 01:32:17]} {[%emt 00:01:15]} Rc8 {[%clk 01:24:46]}
{[%emt 00:05:32]} 13. Kb1 {[%clk 01:32:15]} {[%emt 00:00:29]} b5 {[%clk
01:10:54]} {[%emt 00:14:25]} 14. h4 {[%clk 01:17:58]} {[%emt 00:14:46]} Bxd5
{[%clk 00:56:55]} {[%emt 00:14:30]} 15. Qxd5 {[%clk 01:17:31]} {[%emt
00:00:56]} Nf6 {[%clk 00:57:03]} {[%emt 00:00:23]} 16. Qb7 {[%clk 01:12:46]}
{[%emt 00:05:14]} Qc7 {[%clk 00:53:27]} {[%emt 00:04:07]} 17. Qxc7 {[%clk
01:12:00]} {[%emt 00:01:16]} Rxc7 {[%clk 00:53:53]} {[%emt 00:00:04]} 18. f3
{[%clk 01:11:48]} {[%emt 00:00:42]} Rc5 {[%clk 00:50:20]} {[%emt 00:04:03]} 19.
Nc3 {[%clk 01:09:34]} {[%emt 00:02:44]} Be7 {[%clk 00:49:05]} {[%emt 00:01:46]}
20. a4 {[%clk 01:09:33]} {[%emt 00:00:30]} b4 {[%clk 00:48:20]} {[%emt
00:01:15]} 21. Na2 {[%clk 01:09:12]} {[%emt 00:00:50]} a5 {[%clk 00:46:35]}
{[%emt 00:02:16]} 22. Bb5+ {[%clk 01:09:27]} {[%emt 00:00:14]} Kf8 {[%clk
00:44:29]} {[%emt 00:02:37]} 23. Nc1 {[%clk 01:09:17]} {[%emt 00:00:39]} Rc7
{[%clk 00:41:50]} {[%emt 00:03:09]} 24. Nb3 {[%clk 01:03:31]} {[%emt 00:06:16]}
Ra7 {[%clk 00:42:08]} {[%emt 00:00:13]} 25. Nd2 {[%clk 01:02:45]} {[%emt
00:01:15]} d5 {[%clk 00:39:42]} {[%emt 00:02:57]} 26. exd5 {[%clk 01:02:10]}
{[%emt 00:01:05]} Nxd5 {[%clk 00:38:52]} {[%emt 00:01:21]} 27. Nc4 {[%clk
01:02:27]} {[%emt 00:00:13]} Nf4 {[%clk 00:38:04]} {[%emt 00:01:18]} 28. Rd2
{[%clk 00:41:07]} {[%emt 00:21:49]} Ng6 {[%clk 00:34:59]} {[%emt 00:03:36]} 29.
g3 {[%clk 00:40:42]} {[%emt 00:00:54]} f5 {[%clk 00:31:47]} {[%emt 00:03:42]}
30. Ne3 {[%clk 00:22:58]} {[%emt 00:18:13]} f4 {[%clk 00:30:45]} {[%emt
00:01:33]} 31. gxf4 {[%clk 00:23:14]} {[%emt 00:00:14]} Nxh4 {[%clk 00:27:10]}
{[%emt 00:04:05]} 32. fxe5 {[%clk 00:21:21]} {[%emt 00:02:22]} g5 {[%clk
00:25:36]} {[%emt 00:02:05]} 33. Bc6 {[%clk 00:14:52]} {[%emt 00:06:59]} Kg7
{[%clk 00:24:56]} {[%emt 00:01:09]} 34. Be4 {[%clk 00:13:22]} {[%emt 00:02:00]}
Rf8 {[%clk 00:22:42]} {[%emt 00:02:44]} 35. Rd5 {[%clk 00:13:45]} {[%emt
00:00:07]} Rd8 {[%clk 00:17:43]} {[%emt 00:05:30]} 36. Rb5 {[%clk 00:13:09]}
{[%emt 00:01:05]} Rd4 {[%clk 00:13:08]} {[%emt 00:05:06]} 37. Rxh4 {[%clk
00:11:38]} {[%emt 00:02:00]} gxh4 {[%clk 00:09:44]} {[%emt 00:03:54]} 38. Nf5+
{[%clk 00:11:57]} {[%emt 00:00:09]} Kf7 {[%clk 00:08:07]} {[%emt 00:02:10]} 39.
Nxd4 {[%clk 00:12:07]} {[%emt 00:00:18]} Bg5 {[%clk 00:04:44]} {[%emt
00:03:55]} 40. e6+ {[%clk 00:11:21]} {[%emt 00:01:16]} 1-0

[Event "Hoogeveen Open"]
[Site "Hoogeveen, Netherlands"]
[Date "2018.10.21"]
[Round "2.17"]
[White "Van Der Hagen, Loek"]
[Black "Miedema, David"]
[Result "0-1"]
[WhiteElo "1820"]
[BlackElo "2379"]

1. e4 {[%clk 01:30:49]} {[%emt 00:00:11]} e6 {[%clk 01:30:55]} {[%emt
00:00:05]} 2. d4 {[%clk 01:31:14]} {[%emt 00:00:06]} d5 {[%clk 01:31:22]}
{[%emt 00:00:02]} 3. Nd2 {[%clk 01:31:33]} {[%emt 00:00:11]} c5 {[%clk
01:29:17]} {[%emt 00:02:35]} 4. exd5 {[%clk 01:31:51]} {[%emt 00:00:13]} exd5
{[%clk 01:29:42]} {[%emt 00:00:04]} 5. Bb5+ {[%clk 01:32:04]} {[%emt 00:00:17]}
Nc6 {[%clk 01:29:18]} {[%emt 00:00:54]} 6. Qe2+ {[%clk 01:31:20]} {[%emt
00:01:14]} Qe7 {[%clk 01:29:39]} {[%emt 00:00:09]} 7. Ndf3 {[%clk 01:30:37]}
{[%emt 00:01:13]} Qxe2+ {[%clk 01:23:29]} {[%emt 00:06:39]} 8. Nxe2 {[%clk
01:28:51]} {[%emt 00:02:16]} a6 {[%clk 01:23:57]} {[%emt 00:00:04]} 9. Bxc6+
{[%clk 01:28:14]} {[%emt 00:01:08]} bxc6 {[%clk 01:24:24]} {[%emt 00:00:03]} 10.
Ne5 {[%clk 01:24:10]} {[%emt 00:04:32]} Bf5 {[%clk 01:24:01]} {[%emt 00:00:54]}
11. c3 {[%clk 01:21:39]} {[%emt 00:03:02]} Rc8 {[%clk 01:16:49]} {[%emt
00:07:43]} 12. b3 {[%clk 01:19:09]} {[%emt 00:02:59]} f6 {[%clk 01:16:41]}
{[%emt 00:00:38]} 13. Nf3 {[%clk 01:17:59]} {[%emt 00:01:40]} Be4 {[%clk
01:12:37]} {[%emt 00:04:34]} 14. Ba3 {[%clk 01:11:40]} {[%emt 00:06:50]} Bxf3
{[%clk 01:08:43]} {[%emt 00:04:23]} 15. gxf3 {[%clk 01:12:01]} {[%emt
00:00:09]} cxd4 {[%clk 01:09:11]} {[%emt 00:00:03]} 16. Bxf8 {[%clk 01:11:44]}
{[%emt 00:00:47]} Kxf8 {[%clk 01:09:37]} {[%emt 00:00:03]} 17. Nxd4 {[%clk
01:11:04]} {[%emt 00:01:11]} c5 {[%clk 01:09:01]} {[%emt 00:01:07]} 18. Ne6+
{[%clk 01:09:09]} {[%emt 00:02:24]} Kf7 {[%clk 01:09:24]} {[%emt 00:00:06]} 19.
Nf4 {[%clk 01:08:36]} {[%emt 00:01:03]} Ne7 {[%clk 01:01:33]} {[%emt 00:08:21]}
20. O-O-O {[%clk 01:03:50]} {[%emt 00:05:16]} Rhd8 {[%clk 01:02:00]} {[%emt
00:00:04]} 21. Kb1 {[%clk 01:00:55]} {[%emt 00:03:25]} g5 {[%clk 01:01:19]}
{[%emt 00:01:11]} 22. Ng2 {[%clk 00:58:34]} {[%emt 00:02:50]} d4 {[%clk
00:46:15]} {[%emt 00:15:35]} 23. Kb2 {[%clk 00:50:54]} {[%emt 00:08:10]} Rd5
{[%clk 00:40:13]} {[%emt 00:06:32]} 24. Rd2 {[%clk 00:41:53]} {[%emt 00:09:32]}
dxc3+ {[%clk 00:33:15]} {[%emt 00:07:28]} 25. Kxc3 {[%clk 00:41:17]} {[%emt
00:01:06]} Rf5 {[%clk 00:27:32]} {[%emt 00:06:13]} 26. Rd3 {[%clk 00:36:45]}
{[%emt 00:05:01]} Nd5+ {[%clk 00:27:59]} {[%emt 00:00:05]} 27. Kb2 {[%clk
00:35:41]} {[%emt 00:01:33]} c4 {[%clk 00:28:12]} {[%emt 00:00:17]} 28. bxc4
{[%clk 00:34:21]} {[%emt 00:01:49]} Rxc4 {[%clk 00:27:16]} {[%emt 00:01:26]} 29.
Rhd1 {[%clk 00:31:56]} {[%emt 00:02:55]} Nb6 {[%clk 00:22:38]} {[%emt
00:05:09]} 30. Ka1 {[%clk 00:23:24]} {[%emt 00:09:01]} Rfc5 {[%clk 00:22:15]}
{[%emt 00:00:53]} 31. Ne3 {[%clk 00:17:28]} {[%emt 00:06:25]} Rh4 {[%clk
00:19:02]} {[%emt 00:03:44]} 32. Nf1 {[%clk 00:14:58]} {[%emt 00:02:59]} Na4
{[%clk 00:16:44]} {[%emt 00:02:49]} 33. Rd8 {[%clk 00:08:05]} {[%emt 00:07:23]}
Rhc4 {[%clk 00:14:45]} {[%emt 00:02:28]} 34. Nd2 {[%clk 00:06:01]} {[%emt
00:02:34]} Rc2 {[%clk 00:14:23]} {[%emt 00:00:51]} 35. Nb3 {[%clk 00:05:50]}
{[%emt 00:00:42]} R5c4 {[%clk 00:08:02]} {[%emt 00:06:51]} 36. R8d2 {[%clk
00:04:15]} {[%emt 00:02:05]} Kg6 {[%clk 00:07:33]} {[%emt 00:00:59]} 37. Rxc2
{[%clk 00:03:39]} {[%emt 00:01:05]} Rxc2 {[%clk 00:07:59]} {[%emt 00:00:04]} 38.
Rd2 {[%clk 00:03:15]} {[%emt 00:00:54]} Rc3 {[%clk 00:05:51]} {[%emt 00:02:38]}
39. Rd4 {[%clk 00:02:42]} {[%emt 00:01:04]} Nc5 {[%clk 00:05:23]} {[%emt
00:00:58]} 40. Nxc5 {[%clk 00:02:09]} {[%emt 00:01:04]} Rxc5 {[%clk 00:05:49]}
{[%emt 00:00:04]} 41. Kb2 {[%clk 00:22:37]} {[%emt 00:10:01]} h5 {[%clk
00:33:42]} {[%emt 00:02:37]} 42. h3 {[%clk 00:17:42]} {[%emt 00:05:25]} Re5
{[%clk 00:31:52]} {[%emt 00:02:19]} 43. Kc3 {[%clk 00:09:25]} {[%emt 00:08:48]}
Re2 {[%clk 00:31:34]} {[%emt 00:00:48]} 44. Rd2 {[%clk 00:09:42]} {[%emt
00:00:13]} Rxd2 {[%clk 00:30:36]} {[%emt 00:01:28]} 45. Kxd2 {[%clk 00:10:00]}
{[%emt 00:00:12]} Kf5 {[%clk 00:30:42]} {[%emt 00:00:24]} 46. Ke3 {[%clk
00:07:46]} {[%emt 00:02:43]} a5 {[%clk 00:31:01]} {[%emt 00:00:11]} 47. a4
{[%clk 00:05:57]} {[%emt 00:02:19]} Ke5 {[%clk 00:30:50]} {[%emt 00:00:41]} 48.
f4+ {[%clk 00:05:04]} {[%emt 00:01:23]} gxf4+ {[%clk 00:31:17]} {[%emt
00:00:04]} 49. Kd3 {[%clk 00:04:22]} {[%emt 00:01:12]} Kd5 {[%clk 00:30:12]}
{[%emt 00:01:34]} 50. h4 {[%clk 00:03:42]} {[%emt 00:01:10]} Kc5 {[%clk
00:30:00]} {[%emt 00:00:43]} 51. f3 {[%clk 00:02:54]} {[%emt 00:01:18]} Kb4
{[%clk 00:30:24]} {[%emt 00:00:06]} 52. Ke4 {[%clk 00:01:39]} {[%emt 00:01:45]}
Kxa4 {[%clk 00:30:50]} {[%emt 00:00:04]} 53. Kf5 {[%clk 00:01:59]} {[%emt
00:00:10]} Kb5 {[%clk 00:30:52]} {[%emt 00:00:28]} 54. Kg6 {[%clk 00:02:24]}
{[%emt 00:00:06]} a4 {[%clk 00:31:19]} {[%emt 00:00:03]} 55. Kxh5 {[%clk
00:02:45]} {[%emt 00:00:09]} a3 {[%clk 00:31:45]} {[%emt 00:00:03]} 56. Kg6
{[%clk 00:03:09]} {[%emt 00:00:07]} a2 {[%clk 00:32:12]} {[%emt 00:00:03]} 57.
h5 {[%clk 00:03:33]} {[%emt 00:00:06]} a1=Q {[%clk 00:32:37]} {[%emt 00:00:05]}
58. h6 {[%clk 00:03:38]} {[%emt 00:00:25]} Qg1+ {[%clk 00:32:54]} {[%emt
00:00:12]} 59. Kf7 {[%clk 00:03:24]} {[%emt 00:00:44]} Qh1 {[%clk 00:33:19]}
{[%emt 00:00:05]} 60. Kg7 {[%clk 00:03:45]} {[%emt 00:00:09]} Qxf3 {[%clk
00:33:38]} {[%emt 00:00:11]} 61. h7 {[%clk 00:04:06]} {[%emt 00:00:09]} Qh5
{[%clk 00:34:04]} {[%emt 00:00:04]} 0-1

[Event "Hoogeveen Open"]
[Site "Hoogeveen, Netherlands"]
[Date "2018.10.21"]
[Round "2.18"]
[White "Shyaamnikhil, P"]
[Black "Hoffman, Ron"]
[Result "1-0"]
[WhiteElo "2429"]
[BlackElo "2060"]

1. e4 {[%clk 01:30:47]} {[%emt 00:00:12]} c5 {[%clk 01:30:36]} {[%emt
00:00:25]} 2. c3 {[%clk 01:29:51]} {[%emt 00:01:26]} d6 {[%clk 01:30:52]}
{[%emt 00:00:14]} 3. d4 {[%clk 01:30:13]} {[%emt 00:00:08]} Nf6 {[%clk
01:31:14]} {[%emt 00:00:08]} 4. Bd3 {[%clk 01:30:01]} {[%emt 00:00:41]} Nc6
{[%clk 01:31:30]} {[%emt 00:00:14]} 5. Nf3 {[%clk 01:26:13]} {[%emt 00:04:18]}
e5 {[%clk 01:31:33]} {[%emt 00:00:27]} 6. d5 {[%clk 01:26:12]} {[%emt
00:00:31]} Nb8 {[%clk 01:30:50]} {[%emt 00:01:13]} 7. a4 {[%clk 01:24:17]}
{[%emt 00:02:25]} g6 {[%clk 01:29:53]} {[%emt 00:01:26]} 8. h3 {[%clk
01:22:51]} {[%emt 00:01:57]} Bg7 {[%clk 01:30:12]} {[%emt 00:00:11]} 9. g4
{[%clk 01:20:21]} {[%emt 00:03:00]} O-O {[%clk 01:25:03]} {[%emt 00:05:35]} 10.
Na3 {[%clk 01:14:32]} {[%emt 00:06:23]} Ne8 {[%clk 01:16:53]} {[%emt 00:08:41]}
11. Rg1 {[%clk 01:10:16]} {[%emt 00:04:46]} Kh8 {[%clk 01:15:30]} {[%emt
00:01:53]} 12. Bg5 {[%clk 01:07:45]} {[%emt 00:03:01]} f6 {[%clk 01:13:37]}
{[%emt 00:02:23]} 13. Be3 {[%clk 01:08:05]} {[%emt 00:00:10]} Qe7 {[%clk
01:09:02]} {[%emt 00:05:05]} 14. Nd2 {[%clk 01:02:14]} {[%emt 00:06:20]} f5
{[%clk 01:06:34]} {[%emt 00:02:58]} 15. exf5 {[%clk 01:01:45]} {[%emt
00:00:59]} gxf5 {[%clk 00:59:49]} {[%emt 00:07:15]} 16. gxf5 {[%clk 00:59:32]}
{[%emt 00:02:43]} e4 {[%clk 00:36:03]} {[%emt 00:24:16]} 17. Nxe4 {[%clk
00:57:53]} {[%emt 00:02:09]} Bxf5 {[%clk 00:33:36]} {[%emt 00:02:58]} 18. Ng5
{[%clk 00:57:11]} {[%emt 00:01:12]} Nd7 {[%clk 00:27:26]} {[%emt 00:06:40]} 19.
Bxf5 {[%clk 00:55:01]} {[%emt 00:02:39]} Rxf5 {[%clk 00:27:33]} {[%emt
00:00:23]} 20. Qd3 {[%clk 00:55:11]} {[%emt 00:00:20]} Qf6 {[%clk 00:20:27]}
{[%emt 00:07:36]} 21. Nc4 {[%clk 00:52:23]} {[%emt 00:03:18]} Ne5 {[%clk
00:16:44]} {[%emt 00:04:13]} 22. Nxe5 {[%clk 00:51:29]} {[%emt 00:01:24]} Qxe5
{[%clk 00:17:07]} {[%emt 00:00:07]} 23. Ne6 {[%clk 00:47:35]} {[%emt 00:04:23]}
Qxd5 {[%clk 00:15:41]} {[%emt 00:01:56]} 24. Qxd5 {[%clk 00:47:55]} {[%emt
00:00:10]} Rxd5 {[%clk 00:16:09]} 25. Rxg7 {[%clk 00:47:06]} {[%emt 00:01:19]}
Nxg7 {[%clk 00:10:17]} {[%emt 00:06:23]} 26. Nc7 {[%clk 00:47:27]} {[%emt
00:00:08]} Re5 {[%clk 00:09:48]} {[%emt 00:00:59]} 27. Nxa8 {[%clk 00:47:50]}
{[%emt 00:00:08]} Re7 {[%clk 00:09:37]} {[%emt 00:00:42]} 28. O-O-O {[%clk
00:47:13]} {[%emt 00:01:05]} Ne8 {[%clk 00:09:26]} {[%emt 00:00:41]} 29. Bg5
{[%clk 00:46:50]} {[%emt 00:00:53]} Rd7 {[%clk 00:09:27]} {[%emt 00:00:30]} 30.
Re1 {[%clk 00:47:01]} {[%emt 00:00:19]} Ng7 {[%clk 00:07:12]} {[%emt 00:02:45]}
31. Bf6 {[%clk 00:47:23]} {[%emt 00:00:07]} Kg8 {[%clk 00:07:30]} {[%emt
00:00:12]} 32. Rg1 {[%clk 00:47:48]} {[%emt 00:00:28]} 1-0

[Event "Hoogeveen Open"]
[Site "Hoogeveen, Netherlands"]
[Date "2018.10.21"]
[Round "2.19"]
[White "Li, Henry"]
[Black "Bertholee, Rob"]
[Result "1-0"]
[WhiteElo "2207"]
[BlackElo "2334"]

1. e4 {[%clk 01:30:51]} {[%emt 00:00:08]} c5 {[%clk 01:30:47]} {[%emt
00:00:14]} 2. Nf3 {[%clk 01:31:04]} {[%emt 00:00:17]} Nc6 {[%clk 01:31:13]}
{[%emt 00:00:05]} 3. d4 {[%clk 01:31:22]} {[%emt 00:00:12]} cxd4 {[%clk
01:31:38]} {[%emt 00:00:05]} 4. Nxd4 {[%clk 01:31:45]} {[%emt 00:00:06]} g6
{[%clk 01:32:06]} {[%emt 00:00:02]} 5. Nc3 {[%clk 01:32:00]} {[%emt 00:00:15]}
Bg7 {[%clk 01:32:30]} {[%emt 00:00:06]} 6. Be3 {[%clk 01:32:20]} {[%emt
00:00:09]} Nf6 {[%clk 01:32:56]} {[%emt 00:00:05]} 7. Bc4 {[%clk 01:32:34]}
{[%emt 00:00:16]} O-O {[%clk 01:33:20]} {[%emt 00:00:06]} 8. Bb3 {[%clk
01:32:54]} {[%emt 00:00:10]} d6 {[%clk 01:33:10]} {[%emt 00:00:40]} 9. f3
{[%clk 01:33:13]} {[%emt 00:00:11]} Bd7 {[%clk 01:33:31]} {[%emt 00:00:09]} 10.
h4 {[%clk 01:28:31]} {[%emt 00:05:11]} h5 {[%clk 01:27:16]} {[%emt 00:06:45]}
11. Qd2 {[%clk 01:24:16]} {[%emt 00:04:46]} Nxd4 {[%clk 01:21:56]} {[%emt
00:05:50]} 12. Bxd4 {[%clk 01:24:31]} {[%emt 00:00:15]} b5 {[%clk 01:22:21]}
{[%emt 00:00:06]} 13. g4 {[%clk 01:14:02]} {[%emt 00:10:58]} e5 {[%clk
01:11:59]} {[%emt 00:10:52]} 14. Be3 {[%clk 01:13:26]} {[%emt 00:01:06]} hxg4
{[%clk 01:12:21]} {[%emt 00:00:08]} 15. Bg5 {[%clk 01:01:13]} {[%emt 00:12:42]}
gxf3 {[%clk 01:06:28]} {[%emt 00:06:24]} 16. h5 {[%clk 00:39:01]} {[%emt
00:22:42]} gxh5 {[%clk 01:04:28]} {[%emt 00:02:30]} 17. Rxh5 {[%clk 00:35:25]}
{[%emt 00:04:06]} Qb6 {[%clk 00:41:37]} {[%emt 00:23:22]} 18. Be3 {[%clk
00:29:42]} {[%emt 00:06:12]} Qb7 {[%clk 00:41:54]} {[%emt 00:00:13]} 19. Rg5
{[%clk 00:27:55]} {[%emt 00:02:17]} Rfc8 {[%clk 00:27:31]} {[%emt 00:14:53]} 20.
O-O-O {[%clk 00:14:05]} {[%emt 00:14:20]} Rxc3 {[%clk 00:26:54]} {[%emt
00:01:07]} 21. Rxg7+ {[%clk 00:13:44]} {[%emt 00:00:50]} Kxg7 {[%clk 00:27:22]}
{[%emt 00:00:02]} 22. Bh6+ {[%clk 00:13:41]} {[%emt 00:00:33]} Kh7 {[%clk
00:27:22]} {[%emt 00:00:29]} 23. Bf8 {[%clk 00:10:17]} {[%emt 00:03:55]} Rxf8
{[%clk 00:25:27]} {[%emt 00:02:25]} 24. Rh1+ {[%clk 00:09:40]} {[%emt
00:01:07]} Bh3 {[%clk 00:25:36]} {[%emt 00:00:22]} 25. Rxh3+ {[%clk 00:09:53]}
{[%emt 00:00:17]} Kg7 {[%clk 00:26:00]} {[%emt 00:00:06]} 26. Qg5# {[%clk
00:10:16]} {[%emt 00:00:07]} 1-0